|
|
|
|
| LEADER |
00000nam a2200000 a 4500 |
| 001 |
vtls001072476 |
| 003 |
SK-MaSNL |
| 005 |
20260413122151.0 |
| 008 |
250414s1993 xo 0 slo |
| 015 |
|
|
|a SNBA1993/09
|
| 020 |
|
|
|a 8085672049
|
| 035 |
|
|
|a SNK000015307
|
| 040 |
|
|
|a SNK
|b slo
|c SNK
|e AACR2
|
| 041 |
0 |
|
|a slo
|
| 044 |
|
|
|a xo
|c SK
|
| 080 |
|
|
|a 528.9:801.311(437.683)(083.81)
|2 1981
|
| 080 |
|
|
|a 801.311
|2 1981
|
| 100 |
1 |
|
|a Hajčíková, Marta,
|d 1934-
|4 aut
|9 211603
|
| 245 |
1 |
0 |
|a Geografické názvy okresu Svidník
|c Marta Hajčíková, Milan Majtán
|
| 246 |
1 |
0 |
|a Geographical Names of Svidník District
|
| 250 |
|
|
|a 1. vyd.
|
| 260 |
|
|
|a Bratislava
|b Geodetický a kartografický ústav
|a Bratislava
|b Úrad geodézie, kartografie a katastra SR [vyd.]
|c 1993
|e Bratislava
|f Katedra mapovania a pozemkových úprav Stavebnej fakulty STU
|
| 300 |
|
|
|a 79 s.
|b Res. angl.
|c 25 cm
|e Voľná mp. príl.
|
| 651 |
|
7 |
|a 5411
|2 SNK
|9 279985
|
| 700 |
1 |
|
|a Majtán, Milan,
|d 1934-2018
|4 aut
|9 101907
|
| 852 |
|
|
|a Slovenská národná knižnica
|
| 919 |
|
|
|a 80-85672-04-9
|
| 954 |
|
|
|a Svidník (okres)
|a názvy geografické
|
| 958 |
|
|
|a APR
|
| 958 |
|
|
|a RM
|
| 999 |
|
|
|c 877677
|d 879607
|
| 952 |
|
|
|t P60, <04>, [BOOK], {604}
|a SNK
|b SNK
|y VYP
|7 0
|p 17A0252793
|o snkSC 85100 D1
|i snkKSP 6619/93
|0 0
|1 0
|4 0
|d 2000-10-02
|l 0
|r 2004-12-31 00:00:00
|w 2026-02-24
|
| 952 |
|
|
|a SNK
|b SNK
|y PREZ
|7 0
|p 17A0996724
|o snkSC 85100
|0 0
|1 0
|4 0
|d 2012-08-15
|l 0
|r 2025-08-27 00:00:00
|w 2026-02-24
|